Visualizzazione normale
Vista MARC
- Zandrini Sara, Pattarini Claudia (a cura di)
di Personal Name
Records bibliografici associati: 1
001 - CONTROL NUMBER
- control field: 59067
003 - CONTROL NUMBER IDENTIFIER
- control field:
005 - DATE AND TIME OF LATEST TRANSACTION
- control field: 20211007150402.0
008 - FIXED-LENGTH DATA ELEMENTS
- fixed length control field: 211007|| aca||aabn | a|a d
040 ## - CATALOGING SOURCE
- Original cataloging agency:
- Transcribing agency:
100 ## - HEADING--PERSONAL NAME
- Personal name: Zandrini Sara, Pattarini Claudia (a cura di)
670 ## - SOURCE DATA FOUND
- Source citation: Work cat.: (): Zandrini Sara, Pattarini Claudia (a cura di), Prossimi alla cittadinanza, 2007